000 00484nam a2200205Ia 4500
003 OSt
005 20221121151813.0
008 210210b1934 xxu||||| |||| 00| 0 eng d
040 _cAL
041 _aeng
082 _a320/110
100 _aGDH
_962973
245 _aGuide to modern politics
260 _aLondon
_bVictor Gollancz Ltd.,
_c1934
300 _a559
690 _aPolitical Science
_962974
700 _aCOLE (Margaret)
_962975
906 _a001861
942 _2ddc
_cBK
999 _c117466
_d117466